Optical Fiber Communications - Principles & Practice (Record no. 7729)

MARC details
000 -LEADER
fixed length control field 00416nam a2200169Ia 4500
008 - FIXED-LENGTH DATA ELEMENTS--GENERAL INFORMATION
fixed length control field 221030s9999 xx 000 0 und d
020 ## - INTERNATIONAL STANDARD BOOK NUMBER
ISBN 8120308824
041 ## - LANGUAGE CODE
Language code of text/sound track or separate title
082 ## - DEWEY DECIMAL CLASSIFICATION NUMBER
Classification number 105.23
Item number Sen
100 ## - MAIN ENTRY--AUTHOR NAME
Personal name J. M. Senior
245 #0 - TITLE STATEMENT
Title Optical Fiber Communications - Principles & Practice
Statement of responsibility, etc by J. M. Senior
250 ## - EDITION STATEMENT
Edition statement 2nd
260 ## - PUBLICATION, DISTRIBUTION, ETC. (IMPRINT)
Name of publisher PHI
Place of publication New Delhi
Year of publication 2001
300 ## - PHYSICAL DESCRIPTION
Number of Pages 921
650 ## - SUBJECT ADDED ENTRY--TOPICAL TERM
Topical Term ECE
942 ## - ADDED ENTRY ELEMENTS (KOHA)
Koha item type Books
Holdings
Accession Number Cost, normal purchase price Full call number Price effective from Koha item type Withdrawn / writtenoff status Materials specified (bound volume or other part) Damaged status Not for loan Permanent Location Current Location Shelving location Date acquired Lost/ Missing status department
BE 4588 275.00 105.23 Sen 10/30/2022 Books   Print     MIET Library, Jammu MIET Library, Jammu BL-Academic Block-a, FL-1, CUP-15, SH-1, R-1 12/29/2001   BE
BE 4590 275.00 105.23 Sen 10/30/2022 Books   Print     MIET Library, Jammu MIET Library, Jammu BL-Academic Block- A, FL-1, CUP-15, SH-1, R-1 12/29/2001   BE
BE 4591 275.00 105.23 Sen 10/30/2022 Books   Print     MIET Library, Jammu MIET Library, Jammu BL-Academic Block-a, FL-1, CUP-15, SH-1, R-1 12/29/2001   BE
BE 4592 275.00 105.23 Sen 10/30/2022 Books   Print     MIET Library, Jammu MIET Library, Jammu BL-Academic Block -a, FL-1, CUP-15, SH-1, R-1 12/29/2001   BE